Statistics for Literature by Letter - P

Click here to take the quiz!

General Stats

  • This quiz has been taken 13,886 times
  • The average score is 11 of 20

Answer Stats

HintAnswer% Correct
A flying boy who lives in NeverlandPeter Pan
99%
Sonnets, limericks, haikus, for examplePoetry
98%
In Greek mythology, she opened a forbidden boxPandora
97%
The story of Elizabeth Bennett and Mr. DarcyPride and Prejudice
82%
A word that is spelled the same written forwards or backwardsPalindrome
79%
The common term for a false name used to disguise the identity of an author{Pen} Name
77%
Superhumanly strong, red-pig-tailed Swedish girl (first name)Pippi
71%
George Bernard Shaw play that was the basis for the musical "My Fair Lady"Pygmalion
56%
Epic poem by John Milton about the biblical fall of manParadise Lost
55%
Somewhere between "Inferno" and "Paradiso" lies this second part
of the "Divine Comedy"
Purgatorio
53%
This swashbuckling English swordsman rescued French aristocrats from the guillotineThe Scarlet {Pimpernel}
52%
Charles Dickens's first novel{Pickwick} Papers, The
51%
A mischievous fairy in "A Midsummer Night's Dream"Puck
49%
Creator of Peter RabbitBeatrix Potter
45%
He wrote "The Godfather" novelsMario Puzo
43%
Sorcerer who is the protagonist of Shakespeare's "The Tempest"Prospero
28%
The name of Mr. Darcy's estate in DerbyshirePemberley
26%
Term used to describe text that is overly ornate{Purple} Prose
24%
Captain Ahab's whaling shipPequod
20%
James Joyce's first novel, featuring his alter-ego, Stephen DedalusPortrait of the Artist
as a Young Man, A
20%

Score Distribution

Percentile by Number Answered

Percent of People with Each Score

Your Score History

You have not taken this quiz